<?xml version="1.0" encoding="UTF-8"?>
<record
    xmlns:xsi="http://www.w3.org/2001/XMLSchema-instance"
    xsi:schemaLocation="http://www.loc.gov/MARC21/slim http://www.loc.gov/standards/marcxml/schema/MARC21slim.xsd"
    xmlns="http://www.loc.gov/MARC21/slim">

  <leader>01821nam a2200289Ia 4500</leader>
  <controlfield tag="003">OSt</controlfield>
  <controlfield tag="005">20251107162527.0</controlfield>
  <controlfield tag="008">210210b2014   xxu||||| |||| 00| 0 eng d</controlfield>
  <datafield tag="020" ind1=" " ind2=" ">
    <subfield code="a">9789381244359</subfield>
  </datafield>
  <datafield tag="040" ind1=" " ind2=" ">
    <subfield code="c">AL</subfield>
  </datafield>
  <datafield tag="041" ind1=" " ind2=" ">
    <subfield code="a">Kannada</subfield>
  </datafield>
  <datafield tag="082" ind1=" " ind2=" ">
    <subfield code="a">K894.4 ANUN</subfield>
  </datafield>
  <datafield tag="100" ind1=" " ind2=" ">
    <subfield code="a">ANUPAMA (H S)</subfield>
    <subfield code="d">&#xC8E;&#xC9A;&#xCCD;.&#xC8E;&#xCB8;&#xCCD;. &#xC85;&#xCA8;&#xCC1;&#xCAA;&#xCAE;&#xCBE;</subfield>
    <subfield code="9">244808</subfield>
  </datafield>
  <datafield tag="245" ind1=" " ind2=" ">
    <subfield code="a">Noyuva hallige horaluva nalige: ankana barahagalu</subfield>
    <subfield code="b">&#xCA8;&#xCCB;&#xCAF;&#xCC1;&#xCB5; &#xCB9;&#xCB2;&#xCCD;&#xCB2;&#xCBF;&#xC97;&#xCC6;, &#xCB9;&#xCCA;&#xCB0;&#xCB3;&#xCC1;&#xCB5; &#xCA8;&#xCBE;&#xCB2;&#xCBF;&#xC97;&#xCC6;; &#xC85;&#xC82;&#xC95;&#xCA3; &#xCAC;&#xCB0;&#xCB9;&#xC97;&#xCB3; &#xCB8;&#xC82;&#xC97;&#xCCD;&#xCB0;&#xCB9;</subfield>
  </datafield>
  <datafield tag="260" ind1=" " ind2=" ">
    <subfield code="a">Bengaluru</subfield>
    <subfield code="b">Srashti Pablikeshans.</subfield>
    <subfield code="c">2014</subfield>
  </datafield>
  <datafield tag="300" ind1=" " ind2=" ">
    <subfield code="a">ix,276</subfield>
  </datafield>
  <datafield tag="520" ind1=" " ind2=" ">
    <subfield code="a">&#xCB5;&#xCC3;&#xCA4;&#xCCD;&#xCA4;&#xCBF;&#xCAF;&#xCB2;&#xCCD;&#xCB2;&#xCBF; &#xCB5;&#xCC8;&#xCA6;&#xCCD;&#xCAF;&#xCC6;&#xCAF;&#xCBE;&#xC97;&#xCBF;&#xCB0;&#xCC1;&#xCB5; &#xCA1;&#xCBE;.&#xC8E;&#xC9A;&#xCCD;.&#xC8E;&#xCB8;&#xCCD;.&#xC85;&#xCA8;&#xCC1;&#xCAA;&#xCAE; &#xC85;&#xCB5;&#xCB0; &#xC85;&#xC82;&#xC95;&#xCA3; &#xCAC;&#xCB0;&#xCB9;&#xC97;&#xCB3; &#xCB8;&#xC82;&#xC97;&#xCCD;&#xCB0;&#xCB9;&#xCB5;&#xCBE;&#xC97;&#xCBF; &#x2019; &#xCA8;&#xCCB;&#xCAF;&#xCC1;&#xCB5; &#xCB9;&#xCB2;&#xCCD;&#xCB2;&#xCBF;&#xC97;&#xCC6;, &#xCB9;&#xCCA;&#xCB0;&#xCB3;&#xCC1;&#xCB5; &#xCA8;&#xCBE;&#xCB2;&#xCBF;&#xC97;&#xCC6;&#x2019; &#xC95;&#xCC3;&#xCA4;&#xCBF; &#xCB9;&#xCCA;&#xCB0;&#xCAC;&#xC82;&#xCA6;&#xCBF;&#xCA6;&#xCC6;. 
&#xC9C;&#xCC0;&#xCB5;&#xCAA;&#xCB0; &#xCB2;&#xCC7;&#xC96;&#xC95;&#xCBF; &#xC85;&#xCA8;&#xCC1;&#xCAA;&#xCAE; &#xC85;&#xCB5;&#xCB0;&#xCC1; &#xCAE;&#xCB9;&#xCBF;&#xCB3;&#xCBE; &#xCB8;&#xCAC;&#xCB2;&#xCC0;&#xC95;&#xCB0;&#xCA3;&#xCA6; &#xCAC;&#xC97;&#xCCD;&#xC97;&#xCC6; &#xCAC;&#xCB0;&#xCC6;&#xCA6; &#xC85;&#xC82;&#xC95;&#xCA3; &#xCAC;&#xCB0;&#xCB9;&#xC97;&#xCB3; &#xCB8;&#xC82;&#xC97;&#xCCD;&#xCB0;&#xCB9;&#xCB5;&#xCBF;&#xCA6;&#xCC1;. &#xCB5;&#xCC8;&#xCA6;&#xCCD;&#xCAF;&#xCC6;&#xCAF;&#xCBE;&#xC97;&#xCBF;, &#xCB9;&#xCCB;&#xCB0;&#xCBE;&#xC9F;&#xC97;&#xCBE;&#xCB0;&#xCCD;&#xCA4;&#xCBF;&#xCAF;&#xCBE;&#xC97;&#xCBF; &#xCAC;&#xCA6;&#xCC1;&#xC95;&#xCBF;&#xCA8; &#xC97;&#xCBE;&#xCA2; &#xC85;&#xCA8;&#xCC1;&#xCAD;&#xCB5;&#xCB5;&#xCBF;&#xCB0;&#xCC1;&#xCB5; &#xC85;&#xCA8;&#xCC1;&#xCAA;&#xCAE; &#xCA4;&#xCAE;&#xCCD;&#xCAE; &#xCB2;&#xCC7;&#xC96;&#xCA8;&#xC97;&#xCB3; &#xCAE;&#xCC2;&#xCB2;&#xC95;&#xCB5;&#xCC2; &#xCB8;&#xCBE;&#xCAE;&#xCBE;&#xC9C;&#xCA6; &#xC86;&#xC97;&#xCC1;&#xCB9;&#xCCB;&#xC97;&#xCC1;&#xC97;&#xCB3;&#xCBF;&#xC97;&#xCC6; &#xCA4;&#xCC0;&#xCB5;&#xCCD;&#xCB0;&#xCB5;&#xCBE;&#xC97;&#xCBF; &#xCB8;&#xCCD;&#xCAA;&#xC82;&#xCA6;&#xCBF;&#xCB8;&#xCC1;&#xCB5;&#xCB5;&#xCB0;&#xCC1; &#xCB9;&#xCBE;&#xC97;&#xCBE;&#xC97;&#xCBF; &#xC88; &#xC95;&#xCC3;&#xCA4;&#xCBF; &#xCAE;&#xCC1;&#xC96;&#xCCD;&#xCAF;&#xCB5;&#xCC6;&#xCA8;&#xCBF;&#xCB8;&#xCC1;&#xCA4;&#xCCD;&#xCA4;&#xCA6;&#xCC6;.  </subfield>
  </datafield>
  <datafield tag="650" ind1=" " ind2=" ">
    <subfield code="a">Noyuva</subfield>
    <subfield code="9">244809</subfield>
  </datafield>
  <datafield tag="650" ind1=" " ind2=" ">
    <subfield code="a">nalige:</subfield>
    <subfield code="9">244810</subfield>
  </datafield>
  <datafield tag="650" ind1=" " ind2=" ">
    <subfield code="a">horaluva</subfield>
    <subfield code="9">244811</subfield>
  </datafield>
  <datafield tag="650" ind1=" " ind2=" ">
    <subfield code="a">hallige</subfield>
    <subfield code="9">244812</subfield>
  </datafield>
  <datafield tag="650" ind1=" " ind2=" ">
    <subfield code="a">barahagalu</subfield>
    <subfield code="9">244813</subfield>
  </datafield>
  <datafield tag="650" ind1=" " ind2=" ">
    <subfield code="a">ankana</subfield>
    <subfield code="9">244814</subfield>
  </datafield>
  <datafield tag="690" ind1=" " ind2=" ">
    <subfield code="a">Kannada Prose</subfield>
    <subfield code="9">244815</subfield>
  </datafield>
  <datafield tag="906" ind1=" " ind2=" ">
    <subfield code="a">070265</subfield>
  </datafield>
  <datafield tag="942" ind1=" " ind2=" ">
    <subfield code="2">ddc</subfield>
    <subfield code="c">BK</subfield>
  </datafield>
  <datafield tag="999" ind1=" " ind2=" ">
    <subfield code="c">119841</subfield>
    <subfield code="d">119841</subfield>
  </datafield>
  <datafield tag="952" ind1=" " ind2=" ">
    <subfield code="0">0</subfield>
    <subfield code="1">0</subfield>
    <subfield code="2">ddc</subfield>
    <subfield code="4">0</subfield>
    <subfield code="7">0</subfield>
    <subfield code="8">KAN</subfield>
    <subfield code="a">AL</subfield>
    <subfield code="b">AL</subfield>
    <subfield code="c">Kannada Literature</subfield>
    <subfield code="d">2021-02-17</subfield>
    <subfield code="e">Navakarnataka Publication Pvt Ltd Mangalore</subfield>
    <subfield code="g">200.00</subfield>
    <subfield code="l">0</subfield>
    <subfield code="o">K894.4 ANUN</subfield>
    <subfield code="p">070265</subfield>
    <subfield code="r">2021-02-17 00:00:00</subfield>
    <subfield code="w">2021-02-17</subfield>
    <subfield code="y">BK</subfield>
  </datafield>
</record>
